On the direct sum and tensor product of linear and non-linear programs.

Saved in:
Bibliographic Details
Main Author: Mond, Bertram
Format: Book
Language:English
Published: Cincinnati, Ohio : Cincinnati University, 1963.
Subjects:
LEADER 00848nam a2200229 i 4500
001 c000305848
003 CARM
005 00000000000000.0
008 840313s1963 ohu 0 eng d
019 1 |a 9705582  |5 LACONCORD2021 
035 |a (OCoLC)18146573  |5 LACONCORD2021 
082 0 4 |a 519.92 
100 1 |a Mond, Bertram. 
245 1 0 |a On the direct sum and tensor product of linear and non-linear programs. 
260 |a Cincinnati, Ohio :  |b Cincinnati University,  |c 1963. 
300 |a 50 l. 
500 |a Thesis - Cincinnati University. 
650 0 |a Programming (Mathematics) 
650 0 |a Calculus of tensors. 
852 8 |b CARM  |h A1:AR17C0  |i F04021  |p 0503317  |f BK 
999 f f |i c45db989-ef0d-5ec0-868b-4d553b6efd28  |s 587ee738-a3ac-5a0b-870b-05e7088cbe90 
952 f f |p Can circulate  |a CAVAL  |b CAVAL  |c CAVAL  |d CARM 1 Store  |e F04021  |f A1:AR17C0  |h Other scheme  |i book  |m 0503317